<?xml version="1.0" encoding="UTF-8"?>
<collection xmlns:xsi="http://www.w3.org/2001/XMLSchema-instance" xsi:schemaLocation="http://www.loc.gov/MARC21/slim http://www.loc.gov/standards/marcxml/schema/MARC21slim.xsd" xmlns="http://www.loc.gov/MARC21/slim">
 <record>
  <leader>00000cam a22000003i 4500</leader>
  <controlfield tag="001">UP-1685594773861709630</controlfield>
  <controlfield tag="003">Buklod</controlfield>
  <controlfield tag="005">20090521163436.0</controlfield>
  <controlfield tag="006">j|||||||||||||| | </controlfield>
  <controlfield tag="007">ta</controlfield>
  <controlfield tag="008">160625s1993    cou     rb   |||1 u|eng d</controlfield>
  <datafield tag="020" ind1=" " ind2=" ">
   <subfield code="a">1555873030</subfield>
  </datafield>
  <datafield tag="035" ind1=" " ind2=" ">
   <subfield code="a">(iLib)UPBAG-00005676700</subfield>
  </datafield>
  <datafield tag="040" ind1=" " ind2=" ">
   <subfield code="d">BAG</subfield>
   <subfield code="e">rda</subfield>
  </datafield>
  <datafield tag="041" ind1="0" ind2=" ">
   <subfield code="a">eng</subfield>
  </datafield>
  <datafield tag="090" ind1=" " ind2="0">
   <subfield code="a">JF 60</subfield>
   <subfield code="b">P64</subfield>
  </datafield>
  <datafield tag="245" ind1="0" ind2="0">
   <subfield code="a">Political culture and democracy in developing countries</subfield>
   <subfield code="c">edited by Larry Diamond.</subfield>
  </datafield>
  <datafield tag="264" ind1=" " ind2="1">
   <subfield code="a">Boulder</subfield>
   <subfield code="b">L. Rienner Publishers</subfield>
   <subfield code="c">©1993.</subfield>
  </datafield>
  <datafield tag="300" ind1=" " ind2=" ">
   <subfield code="a">xiii, 455 leaves</subfield>
   <subfield code="c">22 x 28 cm.</subfield>
  </datafield>
  <datafield tag="500" ind1=" " ind2=" ">
   <subfield code="a">Photocopy.</subfield>
  </datafield>
  <datafield tag="504" ind1=" " ind2=" ">
   <subfield code="a">Includes bibliographical references and index.</subfield>
  </datafield>
  <datafield tag="505" ind1="0" ind2=" ">
   <subfield code="a">Political culture and democracy -- Historical and comparative perspectives -- Culture and democratization in India/ Richard Sisson -- Between liberalism and staism: African political cultures and democracy/ Naomi Chazan -- Paths to democracy and the political culture of Costa Rica, Mexico, and Nicaragua/ john A. Booth and Mitchell A. Seligson -- A nonparadigmatic search for democracy in a post-confucian culture: The case of Taiwan, R.O.C./ Ambrose Y.C. King -- Autonomous groups as agents of democratic change in communist and post-communist Eastern Europe/ Chritine M. Sadowski -- Intellectuals, Higher education and democracy -- The mixed role of intellectuals and higher education in building  democratic political culture in the republic of KOrea/ Kyong- Dong Kim -- Intellectuals, higher education, and democracy in Nigeria: which way?/ Oyeleye Oyediran -- State elites and democratic political culture in Turkey/ Ergun Ozbudun -- The new military and democracy inThailand/ Chai-Anan Samudavanija -- Changing attitudes toward democracy and institutional reform in Brazil/ Bolivar L:amounier and Aaury de Souza -- REligion, political culture, and democracy -- Christian democracy, liberation theology and political culture in Latin America/ Paul E. Sigmund -- Fundamentalism, ultranationalism, and political culture: the case of the Israeli radical right/ Ehud Sprinzak -- The Islamic movement and resource mobilization in Egypt: a political culture perspective/ Gehad Auda -- Causes and effect/ Larry Diamond.</subfield>
  </datafield>
  <datafield tag="650" ind1=" " ind2="0">
   <subfield code="a">Political culture</subfield>
   <subfield code="z">Developing countries.</subfield>
  </datafield>
  <datafield tag="650" ind1=" " ind2="0">
   <subfield code="a">Democracy</subfield>
   <subfield code="z">Developing countries.</subfield>
  </datafield>
  <datafield tag="651" ind1=" " ind2="0">
   <subfield code="a">Developing countries</subfield>
   <subfield code="x">Politics and government.</subfield>
  </datafield>
  <datafield tag="700" ind1="1" ind2=" ">
   <subfield code="a">Diamond, Larry Jay</subfield>
   <subfield code="e">editor.</subfield>
  </datafield>
  <datafield tag="905" ind1=" " ind2=" ">
   <subfield code="a">FO</subfield>
  </datafield>
  <datafield tag="852" ind1="0" ind2=" ">
   <subfield code="a">UPBAG</subfield>
   <subfield code="b">UPBAG-MAIN</subfield>
   <subfield code="h">JF 60 P64</subfield>
  </datafield>
  <datafield tag="942" ind1=" " ind2=" ">
   <subfield code="a">Book</subfield>
  </datafield>
 </record>
</collection>
